| 000 | 02464nam a22004454i 4500 | ||
|---|---|---|---|
| 003 | PE-LiUPU | ||
| 005 | 20260325170513.0 | ||
| 008 | 070701s2007 pe a b 000 0 spa d | ||
| 035 | _aPE-LiUPU000009 | ||
| 040 |
_aPE-LiUPU _bspa _cPE-LiUPU _erda |
||
| 041 | 0 | _aspa | |
| 082 | 0 | 4 |
_a303.69 _bP471c _2TP |
| 110 | 2 |
_aPerú. _bDefensoría del Pueblo, _eautor corporativo. |
|
| 245 | 1 | 4 |
_aLos conflictos socioambientales por actividades extractivas en el Perú / _cDefensoría del Pueblo. |
| 264 | 1 |
_aLima : _bDefensoría del Pueblo, _c2007. |
|
| 300 |
_a186 páginas : _bilustraciones ; _c30 cm |
||
| 336 |
_atext _2rdacontent |
||
| 337 |
_aunmediated _2rdamedia |
||
| 338 |
_avolume _2rdacarrier |
||
| 490 | 0 |
_aSerie Informes Extraordinarios ; _vInforme N° 2 |
|
| 500 | _aPrimera edición: julio de 2007. | ||
| 500 | _aTiraje: 1500 ejemplares. | ||
| 500 | _aIncluye notas aclaratorias enviadas al Congreso de la República el 16 de abril de 2007. | ||
| 504 | _aIncluye referencias bibliográficas. | ||
| 505 | _aObjetivos del informe -- Competencia de la Defensoría del Pueblo -- La Defensoría del Pueblo y los conflictos socioambientales -- Análisis defensorial de los conflictos socioambientales -- Causas de los conflictos socioambientales -- Consecuencias del conflicto -- Repercusiones de los conflictos socioambientales violentos en los derechos de las personas -- El caso del Padre Marco Antonio Arana Zegarra (Expediente N° 928-06/DP-CAJAMARCA) -- El caso del ciudadano Isidro Llanos -- Tendencias de la conflictividad -- Recomendaciones y sugerencias. | ||
| 546 | _aTexto en español. | ||
| 610 | 2 | 4 |
_aPerú. _bDefensoría del Pueblo. |
| 650 | 1 | 8 |
_aConflictos sociales _zPerú _98234 |
| 650 | 2 | 8 |
_aConflictos socioambientales _zPerú _98235 |
| 650 | 2 | 8 |
_aConflictos ambientales _zPerú. |
| 650 | 2 | 8 |
_aIndustrias extractivas _xAspectos sociales _zPerú _98236 |
| 650 | 1 | 8 |
_aImpacto ambiental _zPerú. |
| 650 | 1 | 8 |
_aPolítica ambiental _zPerú. |
| 710 |
_aAgencia Canadiense para el Desarrollo Internacional, _eentidad financiadora. _98237 |
||
| 710 |
_aAgencia Española de Cooperación Internacional, _eentidad financiadora. _98238 |
||
| 710 | 2 |
_aAgencia Sueca para el Desarrollo Internacional, _eentidad financiadora. |
|
| 710 |
_aAgencia Suiza para el Desarrollo y la Cooperación, _eentidad financiadora. _98239 |
||
| 942 |
_2ddc _cBK |
||
| 980 |
_618228 _aRebeca Esther Huerta Leyton _818226 _gJaime Vilcazán Jefe de Análisis Documental |
||
| 999 |
_c63333 _d63332 |
||